Soft Skills: Know Yourself and Know The World (Record no. 12398)

MARC details
000 -LEADER
fixed length control field 00426nam a22001697a 4500
003 - CONTROL NUMBER IDENTIFIER
control field OSt
008 - FIXED-LENGTH DATA ELEMENTS--GENERAL INFORMATION
fixed length control field 240408b |||||||| |||| 00| 0 eng d
020 ## - INTERNATIONAL STANDARD BOOK NUMBER
International Standard Book Number 9788121931922
082 ## - DEWEY DECIMAL CLASSIFICATION NUMBER
Classification number 153.6 ALS
100 ## - MAIN ENTRY--PERSONAL NAME
Personal name ALEX, K.
245 ## - TITLE STATEMENT
Title Soft Skills: Know Yourself and Know The World
250 ## - EDITION STATEMENT
Edition statement 3rd. ed,
260 ## - PUBLICATION, DISTRIBUTION, ETC. (IMPRINT)
Place of publication, distribution, etc New Delhi,
Name of publisher, distributor, etc S Chand and Company Limited,
Date of publication, distribution, etc 2024
300 ## - PHYSICAL DESCRIPTION
Extent 254 p.
650 ## - SUBJECT ADDED ENTRY--TOPICAL TERM
Topical term or geographic name as entry element English
942 ## - ADDED ENTRY ELEMENTS (KOHA)
Source of classification or shelving scheme Dewey Decimal Classification
Koha item type Text Books
Holdings
Withdrawn status Lost status Source of classification or shelving scheme Damaged status Not for loan Collection code Home library Current library Date acquired Source of acquisition Currency Cost, normal purchase price Bill Number Total Checkouts Full call number Acc. no. / Barcode Date last seen Actual Cost, discounted price Bill Date Koha item type
    Dewey Decimal Classification     B.A Hons. English PIET NCR College Library PIET NCR College Library 06/04/2024 Zafaa Books & Distributors In Rupees 550.00 ZBD0003   153.6 ALS N3603 08/04/2024 385.00 06/04/2024 Reference Books
    Dewey Decimal Classification     B.A Hons. English PIET NCR College Library PIET NCR College Library 06/04/2024 Zafaa Books & Distributors In Rupees 550.00 ZBD0003   153.6 ALS N3604 08/04/2024 385.00 06/04/2024 Text Books

Design & Developed by: PIET Central Library
R70 Miles Stone Pattikalyana Samalkha Panipat 132102
mail ID :- [email protected], Phone No:- 0180-2569700 Ex.216